Ultimate Diary of a Wimpy Kid Quiz Pt.5 The Ugly Truth - Statistics

General Stats
  • This quiz has been taken 18 times
  • The average score is 28 of 159
Answer Stats
Hint Answer % Correct
What is the name of the first person Greg considers to be the best alternative to Rowley? Christopher Brownfield
83%
Who is the next person Greg thinks is another great friend and excellant alternative to Rowley? Tyson Sanders
67%
How many times has he done it before? 3
50%
How old is she? 95
50%
For Greg's health class, what did he have to look after for a day? An Egg
50%
What does Greg consider him to be more of? A summer friend then a school-year friend
50%
What is the name of Rowley's replacement friend? Brian
50%
What is the name of the company this replacement friend works for? Cool Brian
50%
When Greg went to the Snellas for one of their half birthday parties, what was the only foodstuff that he recognised? Devilled Eggs
50%
Who is Greg's great grandmother? Gammie
50%
What is the name of the autobiography that Greg invisions himself writing? Greg Heffley: A Life
50%
What is the title of the book he thinks Rowley will write? I used to be friends with Greg Heffley
50%
Whose maths book did Greg get this year? Jordan Jury
50%
What did she used to teach? Kindergarten
50%
What is the name of the Ice Cream brand that is reaching out for a new spokesperson? Peachy Breeze
50%
What is maths right after? Physical Education
50%
What is Rowley afraid of catching? puberty
50%
Who told him about this method? Rodrick
50%
Who was the only boy not to break his egg other then Greg? Rowley
50%
What did he call his egg? Rowley Jr.
50%
What is the number for the company that is painted onto the side of the van? 555-6739
33%
Why does Greg mainly like to hang out with him? Because he is a great mosquito magnet
33%
Whose maths book did Greg get from the previous year? Bryan Goot
33%
Who is in charge of helping Greg with the homework? Dad
33%
What is the name of Greg's new dentist? Dr Salazar Kagan
33%
What type of book is Rodrick holding up in his professional looking picture that he posts online? Encyclopedia
33%
What did Rowley do when watching the video? faint
33%
What is Greg's father's younger brother called? Gary
33%
Who was Greg's new Maths teacher? Mrs Mackelroy
33%
What does he do that peeves Greg off? Pulls his pants all the way down when he uses the urinal
33%
What does Greg's dad want Greg to take more of? Responsibility
33%
Who was the last person that got this? Rodrick
33%
Who was the only person that was OK with this? Roger Townsend
33%
As a result, what does she make the boys do as a result? Shower
33%
What is the name of the person he is doing this with? Sonja
33%
When Greg's father and children can't properly cook anything, they decide to eat out. What is the name of the restarant? The Spaghetti Barn
33%
What is Greg afraid Gammie will give him? The Talk
33%
The most popular kid in the grade has a bunch of cronies who go along with everything he says. How many are pictured? Two
33%
How long has it been since Greg and Rowley ended their friendship? Two and a half weeks
33%
What is the name of the book that Greg's mum left on his bed as a result? What the heck just happened to my body?
33%
Do Greg and Rowley become friends again? Yes
33%
How long was the break between games? 15 minutes
17%
What was the percentage of boys who were at the event? 90%
17%
What was the school holding that Greg wanted to go to? A lock in
17%
What did Greg brag to his schoolmates about his family getting? A Maid
17%
Who is Greg's relative that always kisses him on the lips? Aunt Dorothy
17%
Who are his parents? Aunt Patricia/Uncle Tony
17%
This person is the most popular person in the grade above Greg's. Why? Because he has huge parties that are really difficult to be invited to.
17%
What did he feel like it was when he put it underneath his bed? Bomb
17%
What was he planning to do there? Break up with her
17%
Who was Greg's dad's cousin that Greg failed to get assistance for a flat tyre? Byron
17%
What did he have? Cheese Puffs
17%
Who was the only team member that the teachers couldn't find? Christopher Brownfield
17%
What does Rodrick do to make Greg do what he wants? Count down
17%
What did he do with them? Flush them down the toilet
17%
What does Greg think everybody is having more of then him? Fun
17%
Who called themselves that instead? George
17%
What is he doing? Getting Married
17%
Who came over to look after Greg and his brothers? Grandpa
17%
What did Greg plan on calling himself? Great Greg
17%
Who is Greg's relative that almost never makes a sound with his mouth? Great Uncle Arthur
17%
What does Greg think his job is at this event? Groomsman
17%
Where did Greg's parents unexpectedly go one time? Hawaii
17%
When Greg accidentaly bites the dentist, he gives Greg's dad a pamphlet? What was it for? Headgear
17%
What happened to Greg at the beginning of the next week? He got sick
17%
When Greg tries out, what happenes? His icecream falls out
17%
What is tatooed on his other arm? I Ate The Monstrilla Burger
17%
What were the first party games the chaperones played with the students? Icebreakers
17%
What was the reward for the winning team? Ice Cream Sandwiches
17%
What was the next game they played? I never told anyone this before
17%
Who was the last person with this prohibited stuff? Jeffrey Chang
17%
What did Greg get called instead? Jolly Greg
17%
When Greg got back to school, what was Everybody talking about? Jordan Jury's Party
17%
Who was the reason that the teachers were able to enforce this rule? Justin Spitzer
17%
Whose name was on uncle Gary's left arm? Lydia
17%
What did it say? Marry Me Sonja?
17%
Where did Greg hide? Music Room
17%
The first of which was called? Name Game
17%
Were there anymore games for the night? No
17%
When is he going to do this? November
17%
Who was the teacher of the unit? Nurse Powell
17%
What did the sign with the man on it say? Open Wide
17%
What does he do as a result? Photoshop himself into photos of people having fun
17%
What word did they use? Posterior
17%
Which dentist does Greg say he is in love with? Rachel
17%
What did he call himself? Respectful Rowley
17%
Who was also there? Rowley
17%
Who went first? Rowley
17%
When the teachers explained the punishment, what did Greg's team do? Run
17%
What was the name of the video they had to watch? Say Hello to the Brand-New You
17%
Who has become the new Peachy Breeze Kid? Scotty Douglas
17%
Because of this problem, what does Greg do? Sleep in the bath
17%
What did the principal say the punishment would be for whatever Greg accidentally did? Suspension
17%
What was the name of the dentist that Greg's mum would take him to? Tender Hugs Pediatric Dental Care
17%
Who was Greg's dad's cousin that used to look like Greg as a kid? Terrence
17%
Until? The Chaperones Confiscated them
17%
Where did Greg hide his egg? The Fridge
17%
What was the name of the book that grandpa read greg before he went to bed? The Hobbit
17%
When Greg came back from school, what did he see? The Maid Watching TV
17%
With Who? Tyson Sanders
17%
Who is the relative that almost never attends family gatherings except maybe for the occasional webcam? Uncle Lawrence
17%
What was their slogan? We cater to cowards!
17%
Did the teachers realise their mistake? Yes
17%
What time did Manny go to bed? 4:30pm
0%
Where did they get engaged? A Baseball game
0%
What class does everybody, including Greg have to take for school this year? Advanced Health
0%
What did Greg find in order to help him with his sleeping in problem? An old wind up clock
0%
What happened next? A plane flew across the sky
0%
What was Greg's role at the function? Assistant Flower Boy
0%
What is the family subgroup for every family gathering at Gammies that Greg always gets put in? Bachelors
0%
Why? Because the children wouldn't answer their phones
0%
Who is the first cousin that Greg mentions? Benjy
0%
What did the teachers mistake the picture for? Bum
0%
How did the boys try to escape? Digging out with a spoon
0%
How does Greg's mum put it? Domestic help
0%
What were most people doing that was not allowed? Eating snacks
0%
Who is the relative that accidentally didn't get an invite for gammie's Christmas event (and also dies in 'Wrecking Ball')? Great Aunt Reba
0%
Who did this not apply for? Greg and Rowley
0%
What was the name of the game they played after the break? Guess Who
0%
Due to a tight school buget, what quality of school books do Greg and his peers get? Hand-Me-Down
0%
What happened to the previous one? He Grew Up
0%
Why? He wanted to date her sister
0%
What happened to it? His mum made it for breakdast
0%
What was being said on the TV in the Cartoon picture? Kiss me Rex. Kiss me to help me snap out of my amnesia!
0%
Who tells a story about how Gary and Sonja got engaged? Leonard, Gary's Best Man
0%
What did Greg eat that made him sick? lollies
0%
When it starts to smell and the Snellas run out of ideas of where the smell comes from, what do they do? Move out
0%
Who was the supervising teacher for the boys? Mr Palmero
0%
By who? Mrs Libby
0%
Where was Greg's parents going? On a Romantic weekend getaway
0%
What was Rodrick in charge of doing? Packing the lunches
0%
What practise is this meant to be an introduction to? Parenting
0%
Who says it? Peanut the elephant
0%
When Greg goes to school the next day, What does Rowley have that makes him jealous (again)? Pimple
0%
What did most of the kids do? Play on their devices
0%
When he dislikes this food, where does he dump it? Potplant
0%
What was the other method? Put socks on the TV
0%
What did Greg chuck out as a result? Sandwich
0%
What did he accidentaly do the next day? Set off a fire alarm
0%
What were people doing to Gammies stuff to claim it as theirs when she dies? Sticky notes with their name on it
0%
What does Greg's mum do that throws the family into a bit of disarray? Study Full Time
0%
What did Greg forget to do? Take out the Recycling
0%
When Gammie talks to Greg, what does she call Puberty? The Awkward Years
0%
What was the new unit in Health class called? The Facts of Life
0%
What happened at Greg's house in the afternoon? The maid had a Soap Opera Viewing Party
0%
What happened in the end? The parents came out to pick their children up
0%
Why is this a problem in Greg's opinion? They all sleep in the same room
0%
What happens with Greg and Rowley? They get invited to Jordan Jury's party
0%
Why? They were really old
0%
As a means of avoiding Fregley, whenever Greg visited Rowley, how would he get there? Through the Drain Pipe
0%
What is the first method Greg has for remembering? Throw a pillow across the room
0%
What did Grandpa make for Greg's dinner? Toasted cheese sandwiches with the crust cut off
0%
Why were they doing this? To raise funds for music
0%
Why did he invite Greg and Rowley? To Serve Him
0%
What did Greg's team decide to take a picture of for the game? Tyson Sander's bent arm
0%
What does this conflict with for Greg? Uncle Gary's Wedding
0%
What does Greg's dad decide not to do? Wake Greg up
0%
What did Greg put on her chair for thanksgiving last year? Whoopie Cushin
0%
What did Gammie do as a result? Write an apology letter and send it to the whole family
0%
No matching quizzes found
Score Distribution
Percent of People with Each Score
Percentile by Number Answered
Your Score History
You have not taken this quiz